• 首页
  • 本馆介绍
  • 公告通知
  • 最新文献
  • 馆藏检索
  • 电子资源
  • 读者导购
  • 参考咨询
  • 我的图书馆
  • 登录
  • 详细信息显示
  • 放入我的书架
  • 预约/预借图书
  • 作者相关作品
  • 分类相关作品
  • 丛书相关作品
  • 出版社相关作品

书目信息

  • 表格格式
  • 工作单格式
  • 卡片格式
题名:
教学系统化设计
    
 
作者: James O.Carey , Lou Carey , 美Walter Dick 著 ;汪琼 译
分册:  
出版信息: 北京   高等教育出版社  2004
页数: 343页
开本: 26cm
丛书名:
单 册:
中图分类: G643.2
科图分类:
主题词: 教育--各级
电子资源:
ISBN: 7-04-013302-4
000 00712nam0 2200217 450
001 0735592734
005 20070906095312.73
010    @a7-04-013302-4@d¥35.00
100    @a20070906d km y0chiy0120 ea
101 0  @achi
200 1  @a教学系统化设计@Ajiao xue xi tong hua she ji@f[美]Walter Dick,Lou Carey,James O.Carey著@F[mei]Walter Dick,Lou Carey,James O.Carey zhu@g汪琼译@Gwang qiong yi
210    @a北京@c高等教育出版社@d2004
215    @a343页@d26cm
606 0  @a教育@x各级
690    @aG643.2@v3
701  0 @aJames O.Carey@4著
701  0 @aLou Carey@4著
701  0 @a美Walter Dick@Amei Walter Dick@4著
702  0 @a汪琼@Awang qiong@4译
801  0 @aCN@bPFT@c20070906
905    @a213230@dG643.2@eP70@f1
    
    教学系统化设计/[美]Walter Dick,Lou Carey,James O.Carey著/汪琼译.-北京:高等教育出版社,2004
    343页;26cm
    
    
    ISBN 7-04-013302-4:¥35.00
    
●
相关链接 在E读中查询图书 在五车中查询图书 在当当中查询图书 在豆瓣中查询图书


正题名:教学系统化设计     索取号:G643.2/P70         预约/预借

序号 登录号 条形码 馆藏地/架位号 状态 备注
1 7201592   272015927   密集书库-物理学院/ [索取号:G643.2/P70] 在馆    
2 7201593   272015936   物理系资料室/ [索取号:G643.2/P70] 在馆    
唐山师范学院图书馆 欢迎您!
大连网信软件有限公司© 版权所有